| 000 | 00944nam a22002417a 4500 | ||
|---|---|---|---|
| 999 |
_c8284 _d8284 |
||
| 003 | AR-CdUCM | ||
| 008 | 190322b ||||| |||| 00| 0 spa d | ||
| 040 |
_aMUNICIPALIDAD PROVINCIAL DEL CUSCO _cBIBLIOTECA MUNICIPAL DEL CUSCO |
||
| 082 |
_a658 / _bL66 |
||
| 100 |
_aLevinson, Harry _923301 |
||
| 245 | _aPsicología del ejecutivo / | ||
| 260 |
_aBuenos Aires : _bPaidos, _c1970. |
||
| 300 |
_a406 paginas ; _c18 cm. |
||
| 500 | _aTitulo original : The exceptional executive, a psichological conception | ||
| 505 | _aContenido : La fuente del liderazgo -- Un problema complejo -- El líder y sus seguidores -- Las tareas de la dirección empresaria cumbre --El aprendizaje del rol... | ||
| 650 |
_aPsicología _91538 |
||
| 650 |
_aliderazgo _93124 |
||
| 650 |
_aPresiones de la tecnología _923302 |
||
| 700 |
_aLaurora Horacio ( Traductor) _923303 |
||
| 710 |
_aHarvard University Press _923304 |
||
| 942 |
_2ddc _cLIBROS |
||
| 945 | _awnts | ||